[Event "Basso Veronese op 1st"]
[Site "Casaleone"]
[Date "2008.11.15"]
[Round "1"]
[White "Ricci, Alfredo"]
[Black "Vicentini, Giovanni"]
[Result "1-0"]
[WhiteElo "2020"]
[BlackElo "1533"]
[PlyCount "33"]
[EventDate "2008.11.15"]
[EventType "swiss"]
[EventRounds "6"]
[EventCountry "ITA"]
[SourceTitle "EXT 2011"]
[Source "ChessBase"]
[SourceDate "2010.11.26"]
[SourceVersion "1"]
[SourceVersionDate "2010.11.26"]
[SourceQuality "1"]

1. e4 e6 2. d4 d5 3. Nc3 dxe4 4. Nxe4 Nd7 5. Nf3 Ngf6 6. Bd3 h6 7. 0-0 Nxe4 8. Bxe4 Nf6 9. Bd3 c5 10. Be3 Qb6 11. Ne5 cxd4 12. Bxd4 Bc5 13. Bc3 0-0 14. Ng4 Nxg4 15. Qxg4 e5 16. Qe4 f5 17. Qxe5 1-0

[Event "Rivarolo Mantovano Weekend 5th"]
[Site "Rivarolo Mantovano"]
[Date "2007.10.13"]
[Round "3"]
[White "Gualtieri, Primo"]
[Black "Vicentini, Giovanni"]
[Result "0-1"]
[WhiteElo "1679"]
[BlackElo "1365"]
[PlyCount "50"]
[EventDate "2007.10.12"]
[EventType "swiss"]
[EventRounds "5"]
[EventCountry "ITA"]
[SourceTitle "EXT 2010"]
[Source "ChessBase"]
[SourceDate "2010.11.25"]
[SourceVersion "1"]
[SourceVersionDate "2010.11.25"]
[SourceQuality "1"]

1. e4 e6 2. d4 d5 3. e5 c5 4. c3 Nc6 5. Nf3 Bd7 6. Bd3 Nge7 7. dxc5 Ng6 8. Bxg6 hxg6 9. b4 a5 10. Ba3 Qc7 11. Qe2 axb4 12. cxb4 Ne7 13. Nd4 Kd8 14. Bb2 Rh5 15. f4 Nf5 16. g4 Nxd4 17. Bxd4 Rh7 18. Nd2 Ra3 19. Nf3 Be7 20. Bb2 Ra8 21. Nd4 b6 22. Nb3 bxc5 23. bxc5 Bxc5 24. Nxc5 Qxc5 25. Rc1 Qa5+ 0-1